000 00700nam a2200289Ia 4500
005 20260324134410.0
008 008 260324s9999 xx 000 0 eng d
020 _a9781315811024
037 _aEBOOK
040 _aCRL
040 _beng
040 _cCRL
041 _2eng
041 _aeng
084 _qCRL
100 _aTHomas W. Zarzecki
_91196663
245 0 _aArms Diffusion
245 4 _bThe Spread of Military Innovations in the International System
260 _bTaylor and Francis
260 _c2002
365 _a
365 _b230
856 _uhttp://www.taylorfrancis.com/books/9781315811024
942 _cEBOOK
999 _c1796727
_d1796727